Mañana y tarde / (Registro nro. 194845)

Detalles MARC
000 -LEADER
campo de control de longitud fija 01967nam a2200349 i 4500
001 - NÚMERO DE CONTROL
campo de control 194845
003 - IDENTIFICADOR DE NÚMERO DE CONTROL
campo de control ES-MaACL
005 - FECHA Y HORA DE LA ÚLTIMA TRANSACCIÓN
campo de control 20250804062703.0
008 - DATOS DE LONGITUD FIJA--INFORMACIÓN GENERAL
campo de control de longitud fija 240517b2023 sp ||||| |||| 00| 0 spa d
017 ## - NÚMERO DE COPYRIGHT O DE DEPÓSITO LEGAL
Número de copyright o de depósito legal M 28698-2023
020 ## - NÚMERO INTERNACIONAL ESTÁNDAR DEL LIBRO
Número Internacional Estándar del Libro 9788419735505
020 ## - NÚMERO INTERNACIONAL ESTÁNDAR DEL LIBRO
Número Internacional Estándar del Libro 9788419735515
040 ## - FUENTE DE CATALOGACIÓN
Lengua de catalogación spa
Centro/agencia transcriptor ES-MaACL
100 ## - ENTRADA PRINCIPAL--NOMBRE DE PERSONA
Nombre de persona Fosse, Jon,
Fechas asociadas al nombre 1959-
9 (RLIN) 236478
Término indicativo de función/relación Autor
245 ## - MENCIÓN DEL TÍTULO
Título Mañana y tarde /
Resto del título Jon Fosse ; traducción de Cristina Gómez-Baggethun y Kristi Baggethun
250 ## - MENCION DE EDICION
Mención de edición Primera edición: octubre 2023
Resto de la mención de edición Cuarta reimpresión: diciembre 2023
260 ## - PUBLICACIÓN, DISTRIBUCIÓN, ETC.
Lugar de publicación, distribución, etc. Madrid :
Nombre del editor, distribuidor, etc. Nórdica Libros,
Fecha de publicación, distribución, etc. 2023
300 ## - DESCRIPCIÓN FÍSICA
Extensión 103 páginas ;
Dimensiones 22 cm
336 ## - TIPO DE CONTENIDO
Fuente rdacontent
Término de tipo de contenido texto
337 ## - TIPO DE MEDIO
Fuente rdamedia
Nombre/término del tipo de medio sin mediación
338 ## - TIPO DE SOPORTE
Fuente rdacarrier
Nombre/término del tipo de soporte volumen
520 ## - RESUMEN, ETC.
Sumario, etc. Nace un niño que se llamará Johannes. Muere un anciano llamado Johannes. Entre estos dos puntos, Jon Fosse nos da los detalles de toda una vida, crudamente comprimidos. Comenzando con los pensamientos del padre de Johannes cuando su esposa se pone de parto, y terminando con los propios pensamientos de Johannes cuando se embarca en un día de su vida en el que todo es exactamente igual, pero totalmente diferente, Mañana y tarde es una obra sobre el hermoso sueño de que nuestras vidas tienen sentido. Los momentos a lo largo de la novela son simples, cotidianos, pero la prosa rítmica, tortuosa y recortada de Fosse guía hábilmente a los lectores a través del pasado y el presente.
655 #0 - TERMINO DE INDIZACIÓN--GENERO/FORMA
Datos o término principal de género/forma Novelas
9 (RLIN) 234319
700 1# - ENTRADA AGREGADA--NOMBRE PERSONAL
Nombre de persona Gómez Baggethun, Cristina
Término indicativo de función/relación Traductor
9 (RLIN) 152060
700 ## - ENTRADA AGREGADA--NOMBRE PERSONAL
Nombre de persona Baggethun, Kristi
Término indicativo de función/relación Traductor
9 (RLIN) 238729
852 ## - LOCALIZACIÓN
Ubicación ES-MaACL
Ubicación en estantería Depósito J
Número de control de estantería N-9945
Encuadernación Encuadernación rústica con solapas
Signatura antigua DB-68
Donativo/Legado Donación: Editorial
itemnumber 205861
942 ## - ELEMENTOS DE ENTRADA SECUNDARIOS (KOHA)
Tipo de ítem Koha Libro impreso
Suprimir en OPAC No
Existencias
Estatus retirado Estado de pérdida Fuente del sistema de clasificación o colocación Estado de daño No para préstamo Biblioteca de origen Biblioteca actual Ubicación en estantería Fecha de adquisición Fuente de adquisición Total de préstamos Signatura topográfica completa Código de barras Visto por última vez Precio de reemplazo Tipo de ítem Koha
    Clasificación decimal universal     Biblioteca del Ateneo de Madrid Biblioteca del Ateneo de Madrid Depósito J 27/05/2025 Donación   N-9945 101230198 27/05/2025 27/05/2025 Libro impreso